[Event "RSA-chT Regions"]
[Site "Boksburg"]
[Date "2020.01.12"]
[Round "7.3"]
[White "Maredi, Alex Donald Lebogan"]
[Black "Cuthbert, Michael"]
[Result "1/2-1/2"]
[WhiteElo "1786"]
[BlackElo "1760"]
[PlyCount "46"]
[EventDate "2020.01.09"]
[EventType "team-swiss"]
[EventRounds "7"]
[EventCountry "RSA"]
[SourceTitle "CBM 194 Extra"]
[Source "ChessBase"]
[SourceDate "2020.03.31"]
[SourceVersion "1"]
[SourceVersionDate "2020.03.31"]
[SourceQuality "1"]
[WhiteTeam "GTP Open II"]
[BlackTeam "Western Province Youth"]
[WhiteTeamCountry "RSA"]
[BlackTeamCountry "RSA"]

1. Nf3 d5 2. c4 c6 3. g3 Nf6 4. Bg2 Bf5 5. cxd5 cxd5 6. Qb3 Qb6 7. Nc3 Qxb3 8. axb3 Nc6 9. d3 e6 10. Nb5 Rc8 11. Bf4 Bb4+ 12. Kd1 Ke7 13. Nxa7 Ra8 14. Nxc6+ bxc6 15. Kc2 Bd6 16. Nd4 Bxf4 17. gxf4 Kd6 18. Nxf5+ exf5 19. h3 Rhb8 20. e3 g6 21. Kc3 Rxa1 22. Rxa1 Rb7 23. b4 Ne8 1/2-1/2

[Event "RSA-chT Regions"]
[Site "Boksburg"]
[Date "2020.01.11"]
[Round "6.3"]
[White "Cuthbert, Michael"]
[Black "Malgas, Glenwell"]
[Result "1/2-1/2"]
[WhiteElo "1760"]
[BlackElo "1745"]
[PlyCount "53"]
[EventDate "2020.01.09"]
[EventType "team-swiss"]
[EventRounds "7"]
[EventCountry "RSA"]
[SourceTitle "CBM 194 Extra"]
[Source "ChessBase"]
[SourceDate "2020.03.31"]
[SourceVersion "1"]
[SourceVersionDate "2020.03.31"]
[SourceQuality "1"]
[WhiteTeam "Western Province Youth"]
[BlackTeam "ENM"]
[WhiteTeamCountry "RSA"]
[BlackTeamCountry "RSA"]

1. d4 Nf6 2. c4 e6 3. Nf3 b6 4. g3 Bb7 5. Bg2 Be7 6. 0-0 0-0 7. Qc2 c5 8. Nc3 d6 9. d5 e5 10. e4 Na6 11. Ne1 Re8 12. Nd3 Nb4 13. Qe2 Nxd3 14. Qxd3 Bc8 15. Bd2 Bd7 16. f4 Qc7 17. b3 a6 18. Kh1 Reb8 19. f5 Qd8 20. h3 Kf8 21. g4 Ng8 22. Ne2 Bg5 23. Ng1 h6 24. Nf3 Qe7 25. Rg1 b5 26. Bxg5 hxg5 27. Qd2 1/2-1/2